01473nam a22003857a 4500003000500000005001700005008004100022010001000063011001000073035001000083040000900093090001000102100004500112245012300157260004200280300003100322500001400353502008600367590003700453590004100490590004100531590004100572590004200613650004900655650003000704650004700734650003500781650003300816650003300849901000700882942001000889949004300899999001700942952012800959CHAP20220329140950.0971013s1993 r 00010 d a60603 a61575 a65741 cCHAP aTesis00aGarcía Núñez, Rosa María.946382 aVariación morfológica y bromatológica de frutos, para tres especies alimenticias del bosque tropical caducifolio aMontecillo, Méx. :bEl autor,c1993 a108 h.b: ilus. ; gráfs. aFotocopia aTesis (M. C. en Programa Forestal) -- Colegio de Postgraduados. Programa Forestal aALEPHb10c20130110lUCH01h1339 aBATCH-UPDb10c20130110lUCH01h0816 aBATCH-UPDb10c20130410lUCH01h0453 aBATCH-UPDb10c20130914lUCH01h0941 aCONVERSIONb10c20130109lUCH01h133314aCiruelaxFisiología y morfología.92340914aFrutaxAnálisis.94359314aFrutaxFisiología y morfología.94361814aFrutaxValor nutritivo.94366414aPithecellobium dulce.98858314aStenocereus griseus.9109645 aBK cTESIS bBCcTESd-151997eTS1h30647i65741si c60603d60603 00102local4051708TESISaBCbBCcPA_TESISd2019-12-31fTESISl0oTesisp-151997r2019-12-31 00:00:00w2019-12-31yTESIS